<?xml version="1.0" encoding="UTF-8"?>
<record
    xmlns:xsi="http://www.w3.org/2001/XMLSchema-instance"
    xsi:schemaLocation="http://www.loc.gov/MARC21/slim http://www.loc.gov/standards/marcxml/schema/MARC21slim.xsd"
    xmlns="http://www.loc.gov/MARC21/slim">

  <leader>01133nam a22002057a 4500</leader>
  <controlfield tag="005">20250902160149.0</controlfield>
  <datafield tag="010" ind1=" " ind2=" ">
    <subfield code="a">HIN-130339-40</subfield>
  </datafield>
  <datafield tag="020" ind1=" " ind2=" ">
    <subfield code="a">97881952557985(&#x92D;&#x93E;&#x917;-1)</subfield>
    <subfield code="c">495.00</subfield>
  </datafield>
  <datafield tag="020" ind1=" " ind2=" ">
    <subfield code="a">9788196277901(&#x92D;&#x93E;&#x917;-2)</subfield>
    <subfield code="c">495.00</subfield>
  </datafield>
  <datafield tag="035" ind1=" " ind2=" ">
    <subfield code="a">HN-102685-86</subfield>
  </datafield>
  <datafield tag="037" ind1=" " ind2=" ">
    <subfield code="b">DBAD</subfield>
  </datafield>
  <datafield tag="082" ind1=" " ind2=" ">
    <subfield code="a">181.45</subfield>
    <subfield code="2">1</subfield>
  </datafield>
  <datafield tag="245" ind1=" " ind2=" ">
    <subfield code="a">&#x906;&#x927;&#x94D;&#x92F;&#x93E;&#x924;&#x94D;&#x92E;&#x93F;&#x915; &#x92E;&#x93E;&#x930;&#x94D;&#x917;&#x926;&#x930;&#x94D;&#x936;&#x915;:</subfield>
    <subfield code="c">&#x92C;&#x947;&#x948;&#x935;&#x930;&#x94D;&#x932;&#x940; &#x91A;&#x947;&#x948;&#x92A;&#x92E;&#x947;&#x948;&#x928; &#x926;&#x94D;&#x935;&#x93E;&#x930;&#x93E; &#x938;&#x902;&#x92A;&#x93E;&#x926;&#x93F;&#x924; </subfield>
    <subfield code="b">&#x926;&#x943;&#x937;&#x94D;&#x91F;&#x940;&#x915;&#x94B;&#x923; &#x90F;&#x935;&#x902; &#x92A;&#x930;&#x902;&#x92A;&#x930;&#x93E;&#x90D; /</subfield>
  </datafield>
  <datafield tag="260" ind1=" " ind2=" ">
    <subfield code="a">&#x928;&#x908; &#x926;&#x93F;&#x932;&#x94D;&#x932;&#x940;</subfield>
    <subfield code="b">&#x91C;&#x947;.&#x938;&#x940;. &#x938;&#x947;&#x920;&#x940; &#x938;&#x93E;&#x907;&#x902;&#x938; &#x911;&#x92B; &#x926; &#x938;&#x94B;&#x932; &#x930;&#x93F;&#x938;&#x930;&#x94D;&#x91A; &#x938;&#x947;&#x902;&#x91F;&#x930;</subfield>
    <subfield code="c">2023</subfield>
  </datafield>
  <datafield tag="270" ind1=" " ind2=" ">
    <subfield code="a">&#x930;&#x93E;&#x927;&#x93E;&#x938;&#x94D;&#x935;&#x93E;&#x92E;&#x940; &#x938;&#x924;&#x94D;&#x938;&#x902;&#x917; &#x92C;&#x94D;&#x92F;&#x93E;&#x938; 5 &#x917;&#x941;&#x930;&#x941; &#x930;&#x935;&#x93F;&#x926;&#x93E;&#x938; , &#x92A;&#x942;&#x938;&#x93E; &#x930;&#x94B;&#x921;</subfield>
    <subfield code="b">&#x928;&#x908; &#x926;&#x93F;&#x932;&#x94D;&#x932;&#x940;</subfield>
  </datafield>
  <datafield tag="300" ind1=" " ind2=" ">
    <subfield code="a">2&#x92D;&#x93E;&#x917;(512;472&#x92A;&#x943;. </subfield>
    <subfield code="c">22&#x938;&#x947;&#x92E;&#x940; (&#x938;&#x91C;&#x93F;&#x932;&#x94D;&#x926;)</subfield>
  </datafield>
  <datafield tag="490" ind1=" " ind2=" ">
    <subfield code="v">&#x92D;&#x93E;&#x917;-2 &#x915;&#x93E; &#x916;&#x902;&#x921;</subfield>
  </datafield>
  <datafield tag="700" ind1=" " ind2=" ">
    <subfield code="a">&#x91A;&#x947;&#x948;&#x92A;&#x92E;&#x947;&#x948;&#x928;,&#x92C;&#x947;&#x948;&#x935;&#x930;&#x94D;&#x932;&#x940; </subfield>
    <subfield code="9">84505</subfield>
  </datafield>
  <datafield tag="942" ind1=" " ind2=" ">
    <subfield code="a">dpl</subfield>
    <subfield code="c">HN</subfield>
    <subfield code="2">ddc</subfield>
    <subfield code="h">181.45</subfield>
    <subfield code="m">&#x906;&#x927;&#x94D;&#x92F;&#x93E;&#x924;&#x94D;&#x92E;&#x93F;</subfield>
  </datafield>
  <datafield tag="999" ind1=" " ind2=" ">
    <subfield code="c">210481</subfield>
    <subfield code="d">210481</subfield>
  </datafield>
  <datafield tag="952" ind1=" " ind2=" ">
    <subfield code="0">0</subfield>
    <subfield code="1">0</subfield>
    <subfield code="3">VOL-1</subfield>
    <subfield code="4">0</subfield>
    <subfield code="7">0</subfield>
    <subfield code="8">NFIC</subfield>
    <subfield code="a">L</subfield>
    <subfield code="b">L</subfield>
    <subfield code="d">2025-09-02</subfield>
    <subfield code="e">DBAD</subfield>
    <subfield code="g">495.00</subfield>
    <subfield code="l">0</subfield>
    <subfield code="o">181.45 &#x906;&#x927;&#x94D;&#x92F;&#x93E;&#x924;&#x94D;&#x92E;&#x93F;</subfield>
    <subfield code="p">HN-102685</subfield>
    <subfield code="r">2025-09-02 00:00:00</subfield>
    <subfield code="t">1</subfield>
    <subfield code="v">495.00</subfield>
    <subfield code="w">2025-09-02</subfield>
    <subfield code="y">HN</subfield>
  </datafield>
  <datafield tag="952" ind1=" " ind2=" ">
    <subfield code="0">0</subfield>
    <subfield code="1">0</subfield>
    <subfield code="3">VOL-2</subfield>
    <subfield code="4">0</subfield>
    <subfield code="7">0</subfield>
    <subfield code="8">NFIC</subfield>
    <subfield code="a">L</subfield>
    <subfield code="b">L</subfield>
    <subfield code="d">2025-09-02</subfield>
    <subfield code="e">DBAD</subfield>
    <subfield code="g">495.00</subfield>
    <subfield code="l">0</subfield>
    <subfield code="o">181.45 &#x906;&#x927;&#x94D;&#x92F;&#x93E;&#x924;&#x94D;&#x92E;&#x93F;</subfield>
    <subfield code="p">HN-102686</subfield>
    <subfield code="r">2025-09-02 00:00:00</subfield>
    <subfield code="t">2</subfield>
    <subfield code="v">495.00</subfield>
    <subfield code="w">2025-09-02</subfield>
    <subfield code="y">HN</subfield>
  </datafield>
</record>
